[Event "WC-2016-Q-00002"]
[Site "LSS email"]
[Date "2013.10.22"]
[Round "?"]
[White "Baklanov, Valentin Petrovich"]
[Black "Van der Ploeg, Geert Roelof"]
[Result "0-1"]
[WhiteElo "1999"]
[BlackElo "2252"]
[PlyCount "44"]
[EventDate "2013.10.27"]
[EventType "tourn (corr)"]
[EventRounds "12"]
[EventCountry "GER"]
[SourceTitle "Corr 2015"]
[Source "ChessBase"]
[SourceDate "2015.07.17"]
[SourceVersion "1"]
[SourceVersionDate "2015.07.17"]
[SourceQuality "1"]

1. d4 Nf6 2. c4 c5 3. d5 b5 4. cxb5 a6 5. b6 a5 6. Nc3 Ba6 7. f4 g6 8. Nf3 Bg7 9. e4 Bxf1 10. Rxf1 Qxb6 11. e5 Ng4 12. h3 Nh6 13. g4 Na6 14. Kf2 0-0 15. d6 exd6 16. f5 dxe5 17. Nd5 Qd8 18. f6 Nxg4+ 19. hxg4 Bxf6 20. Bh6 Bg7 21. Rh1 Nb4 22. Bxg7 Kxg7 0-1

[Event "WC-2016-Q-00002"]
[Site "LSS email"]
[Date "2013.10.22"]
[Round "?"]
[White "Van der Ploeg, Geert Roelof"]
[Black "Kasabasic, Djordje"]
[Result "0-1"]
[WhiteElo "2252"]
[BlackElo "2202"]
[PlyCount "54"]
[EventDate "2013.10.27"]
[EventType "tourn (corr)"]
[EventRounds "12"]
[EventCountry "GER"]
[SourceTitle "Corr 2015"]
[Source "ChessBase"]
[SourceDate "2015.07.17"]
[SourceVersion "1"]
[SourceVersionDate "2015.07.17"]
[SourceQuality "1"]

1. e4 e5 2. Nc3 Nf6 3. f4 d5 4. fxe5 Nxe4 5. Qf3 Nc6 6. Bb5 Nxc3 7. dxc3 Qh4+ 8. g3 Qe4+ 9. Qxe4 dxe4 10. Bxc6+ bxc6 11. Ne2 Bc5 12. Nd4 Bb6 13. a4 a5 14. Bf4 c5 15. Nb5 Bg4 16. c4 Bf3 17. 0-0 Be2 18. Rfe1 Bxc4 19. Nc3 0-0-0 20. Nxe4 Bd5 21. Nd2 Rhe8 22. Rad1 c4+ 23. Kf1 Be6 24. Kg2 Bd4 25. c3 Bb6 26. Nf3 Rxd1 27. Rxd1 Bd7 0-1

[Event "WC-2016-Q-00002"]
[Site "LSS email"]
[Date "2013.10.22"]
[Round "?"]
[White "Van der Ploeg, Geert Roelof"]
[Black "Orlov, Vladimir Borisovich"]
[Result "1-0"]
[WhiteElo "2252"]
[BlackElo "2117"]
[PlyCount "105"]
[EventDate "2013.10.27"]
[EventType "tourn (corr)"]
[EventRounds "12"]
[EventCountry "GER"]
[SourceTitle "Corr 2015"]
[Source "ChessBase"]
[SourceDate "2015.07.17"]
[SourceVersion "1"]
[SourceVersionDate "2015.07.17"]
[SourceQuality "1"]

1. e4 e6 2. f4 d5 3. e5 c5 4. Nf3 Nc6 5. c3 Nge7 6. Na3 Nf5 7. Nc2 Nh4 8. Nxh4 Qxh4+ 9. g3 Qd8 10. Bg2 h5 11. d3 Qb6 12. 0-0 h4 13. Rb1 hxg3 14. hxg3 Bd7 15. Be3 Ne7 16. b4 Nf5 17. Bf2 Qc7 18. Ne3 Nxe3 19. Bxe3 Rc8 20. Rf2 a6 21. Rbb2 g6 22. Bf3 b6 23. a4 cxb4 24. cxb4 Qb7 25. Qb3 Be7 26. Rfc2 0-0 27. Rh2 Qc7 28. Rbc2 Qb8 29. Rce2 Rfe8 30. Qd1 d4 31. Bxd4 Kg7 32. f5 gxf5 33. g4 f4 34. Qd2 Qc7 35. Bb2 Rh8 36. Qxf4 Rcg8 37. Be4 Kf8 38. Rc2 Qd8 39. Rxh8 Rxh8 40. Bc1 Rh4 41. Rh2 Bxb4 42. Qf2 Bc5 43. d4 Be7 44. Rxh4 Bxh4 45. Qf4 Ke8 46. g5 Bxg5 47. Qxg5 Qxg5+ 48. Bxg5 Bxa4 49. Kf2 a5 50. Ke3 Bd7 51. Kd3 Bb5+ 52. Kc3 Kd7 53. d5 1-0

[Event "WC-2016-Q-00002"]
[Site "LSS email"]
[Date "2013.10.22"]
[Round "?"]
[White "Van der Ploeg, Geert Roelof"]
[Black "Ortiz, Manuel"]
[Result "1/2-1/2"]
[WhiteElo "2252"]
[BlackElo "2133"]
[PlyCount "61"]
[EventDate "2013.10.27"]
[EventType "tourn (corr)"]
[EventRounds "12"]
[EventCountry "GER"]
[SourceTitle "Corr 2015"]
[Source "ChessBase"]
[SourceDate "2015.07.17"]
[SourceVersion "1"]
[SourceVersionDate "2015.07.17"]
[SourceQuality "1"]

1. e4 e6 2. f4 d5 3. e5 c5 4. Nf3 Nh6 5. c3 Nc6 6. Na3 Be7 7. Nc2 0-0 8. d4 Qb6 9. Bd3 cxd4 10. Ncxd4 Nxd4 11. Nxd4 Bc5 12. Nb3 Bf2+ 13. Kf1 f6 14. Qe2 Bh4 15. Be3 Qd8 16. Kg1 fxe5 17. fxe5 Nf5 18. Bc5 Be7 19. Bf2 Bd7 20. g3 Qc7 21. Kg2 Rf7 22. Nd4 Nh6 23. Rhf1 Raf8 24. Bg1 Rxf1 25. Rxf1 Rxf1 26. Kxf1 Nf7 27. Nf3 b6 28. Be3 h6 29. h4 Qc6 30. Kg2 Qa4 31. a3 1/2-1/2

[Event "SM-2013-0-00273"]
[Site "LSS email"]
[Date "2013.10.20"]
[Round "?"]
[White "Van der Ploeg, Geert Roelof"]
[Black "Ress, Jacques"]
[Result "1/2-1/2"]
[WhiteElo "2322"]
[BlackElo "2270"]
[PlyCount "82"]
[EventDate "2013.09.18"]
[EventType "tourn (corr)"]
[EventRounds "6"]
[EventCountry "GER"]
[SourceTitle "Corr 2022"]
[Source "ChessBase"]
[SourceDate "2021.10.24"]
[SourceVersion "1"]
[SourceVersionDate "2021.10.24"]
[SourceQuality "1"]

1. e4 e6 2. d4 d5 3. Nc3 Nf6 4. Bg5 Bb4 5. e5 h6 6. Be3 Ne4 7. Qg4 g6 8. a3 Bxc3+ 9. bxc3 c5 10. Bd3 h5 11. Qf4 g5 12. Qf3 Nxc3 13. dxc5 d4 14. Bd2 Nc6 15. Bxc3 dxc3 16. Rd1 Qc7 17. Be4 Qxe5 18. Ne2 Bd7 19. Qe3 Na5 20. 0-0 Rd8 21. Nd4 Qxc5 22. Rfe1 h4 23. h3 b6 24. Qf3 Rh6 25. Re3 Ke7 26. Rxc3 Qe5 27. Qe3 Bb5 28. Rd2 Qf4 29. Qe1 Ba6 30. Rd1 Qe5 31. Qd2 Rhh8 32. Re3 Qc5 33. Ree1 Rd6 34. Nf5+ exf5 35. Bc6+ Kd8 36. Qxd6+ Qxd6 37. Rxd6+ Kc7 38. Rf6 Nxc6 39. Rxf7+ Kd6 40. Rxf5 Rg8 41. f4 gxf4 1/2-1/2

[Event "SM-2011-0-00177"]
[Site "LSS email"]
[Date "2011.11.09"]
[Round "?"]
[White "Buczinski, Henryk"]
[Black "Van der Ploeg, Geert Roelof"]
[Result "1/2-1/2"]
[WhiteElo "2169"]
[BlackElo "2290"]
[PlyCount "68"]
[EventDate "2011.11.02"]
[EventType "tourn (corr)"]
[EventRounds "6"]
[EventCountry "GER"]
[SourceTitle "Telechess CBM 163"]
[Source "ChessBase"]
[SourceDate "2014.11.11"]
[SourceVersion "2"]
[SourceVersionDate "2014.11.11"]
[SourceQuality "1"]

1. b4 c6 2. Bb2 Qb6 3. a3 a5 4. Nf3 axb4 5. Bd4 Qc7 6. axb4 Rxa1 7. Bxa1 Qb6 8. c3 d5 9. e3 Nf6 10. b5 e6 11. bxc6 bxc6 12. c4 Be7 13. Be2 0-0 14. 0-0 Nbd7 15. Qc2 Ba6 16. d3 Qc7 17. Nbd2 c5 18. Rb1 h6 19. Bc3 Ra8 20. h3 Ne8 21. Ra1 Bb7 22. Rxa8 Bxa8 23. Bf1 Bb7 24. cxd5 exd5 25. d4 c4 26. e4 Nd6 27. exd5 Bxd5 28. Bb4 Nb6 29. Ba5 Qc6 30. Bxb6 Qxb6 31. Nxc4 Nxc4 32. Bxc4 Bxf3 33. Qf5 Bf6 34. Qxf3 Qxd4 1/2-1/2

[Event "SM-2011-0-00177"]
[Site "LSS email"]
[Date "2011.11.09"]
[Round "?"]
[White "Van der Ploeg, Geert Roelof"]
[Black "Carroll, Patrick J"]
[Result "1/2-1/2"]
[WhiteElo "2290"]
[BlackElo "2099"]
[PlyCount "79"]
[EventDate "2011.11.02"]
[EventType "tourn (corr)"]
[EventRounds "6"]
[EventCountry "GER"]
[SourceTitle "Telechess CBM 163"]
[Source "ChessBase"]
[SourceDate "2014.11.11"]
[SourceVersion "2"]
[SourceVersionDate "2014.11.11"]
[SourceQuality "1"]

1. e4 c5 2. Nf3 d6 3. d4 cxd4 4. Nxd4 Nf6 5. Nc3 a6 6. Be3 e5 7. Nb3 Be6 8. f3 h5 9. Nd5 Nxd5 10. exd5 Bf5 11. Bd3 Bxd3 12. Qxd3 Nd7 13. 0-0-0 Be7 14. Kb1 Rc8 15. Nd2 b5 16. Rhg1 Nf6 17. g3 Qd7 18. h4 Qb7 19. Nb3 Qc7 20. Bg5 Bd8 21. Bxf6 Bxf6 22. Nd2 g6 23. f4 exf4 24. gxf4 Bxh4 25. f5 g5 26. Ne4 Kd7 27. a3 g4 28. Rh1 Bd8 29. Rdg1 Qc4 30. Rxg4 Qxd3 31. cxd3 hxg4 32. Rxh8 Bb6 33. Rh7 Rf8 34. Rg7 Bd4 35. f6 a5 36. Rxg4 Be5 37. Rg7 Kc7 38. Kc2 a4 39. b3 Bd4 40. Rh7 1/2-1/2

[Event "SM-2010-0-00131"]
[Site "LSS email"]
[Date "2010.12.07"]
[Round "?"]
[White "Sienkiewicz, Wojciech"]
[Black "Van der Ploeg, Geert Roelof"]
[Result "1/2-1/2"]
[WhiteElo "2144"]
[BlackElo "2294"]
[PlyCount "57"]
[EventDate "2010.11.17"]
[EventType "tourn (corr)"]
[EventRounds "6"]
[EventCountry "GER"]
[SourceTitle "Telechess CBM 149"]
[Source "ChessBase"]
[SourceDate "2012.07.17"]
[SourceVersion "1"]
[SourceVersionDate "2012.07.17"]
[SourceQuality "1"]

1. d4 Nf6 2. c4 c5 3. Nf3 g6 4. Nc3 Bg7 5. e4 d6 6. d5 Bg4 7. Be2 0-0 8. 0-0 e6 9. dxe6 fxe6 10. Ng5 Bxe2 11. Nxe2 Qd7 12. e5 dxe5 13. Qxd7 Nbxd7 14. Nxe6 Rf7 15. Nc3 Nf8 16. Nxg7 Kxg7 17. Re1 N6d7 18. Nb5 Ne6 19. f4 Raf8 20. fxe5 Nxe5 21. h3 Nd3 22. Rxe6 Rf1+ 23. Kh2 Nxc1 24. Re7+ Kg8 25. Nc3 b6 26. Rxa7 Re1 27. Rb7 Rff1 28. Rxb6 g5 29. Kg3 1/2-1/2

[Event "SM-2010-0-00131"]
[Site "LSS email"]
[Date "2010.12.07"]
[Round "?"]
[White "Van der Ploeg, Geert Roelof"]
[Black "Boehme, Sebastian"]
[Result "1/2-1/2"]
[WhiteElo "2294"]
[BlackElo "2282"]
[PlyCount "72"]
[EventDate "2010.11.17"]
[EventType "tourn (corr)"]
[EventRounds "6"]
[EventCountry "GER"]
[SourceTitle "Telechess CBM 149"]
[Source "ChessBase"]
[SourceDate "2012.07.17"]
[SourceVersion "1"]
[SourceVersionDate "2012.07.17"]
[SourceQuality "1"]

1. e4 e5 2. Nf3 Nc6 3. Bb5 a6 4. Ba4 Nf6 5. 0-0 Be7 6. Re1 b5 7. Bb3 d6 8. c3 0-0 9. h3 Bb7 10. d4 Re8 11. Nbd2 Bf8 12. a4 exd4 13. cxd4 Qd7 14. axb5 axb5 15. Rxa8 Bxa8 16. Re3 h6 17. Bc2 Nb4 18. Bb1 g6 19. b3 c5 20. Bb2 Bg7 21. Re1 Qd8 22. Qc1 Nd7 23. Nf1 Bb7 24. Qd2 h5 25. Rd1 Na6 26. Ng5 Qe7 27. h4 Nf8 28. Bd3 Nc7 29. d5 Bxb2 30. Qxb2 Ra8 31. Ra1 Ba6 32. Ne3 b4 33. Bxa6 Rxa6 34. Nc4 Rxa1+ 35. Qxa1 f6 36. Nf3 Qxe4 1/2-1/2

[Event "LSS SM-2009-0-00079"]
[Site "LSS email"]
[Date "2009.10.27"]
[Round "?"]
[White "Miletic, Arsen"]
[Black "Van der Ploeg, Geert Roelof"]
[Result "1-0"]
[WhiteElo "2308"]
[BlackElo "2270"]
[PlyCount "91"]
[EventDate "2009.10.04"]
[EventType "tourn (corr)"]
[EventRounds "6"]
[EventCountry "GER"]
[SourceTitle "Telechess CBM 141"]
[Source "ChessBase"]
[SourceDate "2011.03.17"]
[SourceVersion "1"]
[SourceVersionDate "2011.03.17"]
[SourceQuality "1"]

1. e4 c5 2. Nf3 d6 3. d4 cxd4 4. Nxd4 Nf6 5. Nc3 g6 6. Be3 Bg7 7. f3 0-0 8. Qd2 Nc6 9. 0-0-0 d5 10. exd5 Nxd5 11. Nxc6 bxc6 12. Bd4 e5 13. Bc5 Be6 14. Ne4 Rb8 15. Bc4 Re8 16. g4 Qh4 17. Bxa7 f5 18. Bf2 Qh6 19. gxf5 gxf5 20. Rhg1 Kh8 21. Bxd5 cxd5 22. Qxh6 Bxh6+ 23. Ng5 Rb4 24. Rde1 Bg8 25. c3 Ra4 26. Bd4 Bg7 27. f4 Rc8 28. Bxe5 Bxe5 29. Rxe5 d4 30. Re7 Rf8 31. c4 Rxc4+ 32. Kd2 d3 33. Kxd3 Rxf4 34. Ne6 Bxe6 35. Rxe6 Rf2 36. Re2 Rf3+ 37. Kd2 f4 38. Rgg2 Rf1 39. Re1 Rb8 40. b3 Ra8 41. Kd1 Rf3 42. Ke2 Rh3 43. Kf1 Rf3+ 44. Kg1 Rc3 45. Rb2 Kg7 46. b4 1-0

[Event "LSS SM-2009-0-00079"]
[Site "LSS email"]
[Date "2009.10.27"]
[Round "?"]
[White "Van der Ploeg, Geert Roelof"]
[Black "Putman, Marcel"]
[Result "1/2-1/2"]
[WhiteElo "2277"]
[BlackElo "2242"]
[PlyCount "70"]
[EventDate "2009.10.04"]
[EventType "tourn (corr)"]
[EventRounds "6"]
[EventCountry "GER"]
[SourceTitle "Telechess CBM 141"]
[Source "ChessBase"]
[SourceDate "2011.03.17"]
[SourceVersion "1"]
[SourceVersionDate "2011.03.17"]
[SourceQuality "1"]

1. e4 c5 2. Nf3 d6 3. d4 cxd4 4. Nxd4 Nf6 5. Nc3 a6 6. Bg5 e6 7. f4 Qb6 8. Qd2 Qxb2 9. Rb1 Qa3 10. e5 dxe5 11. fxe5 Nfd7 12. Bc4 Bb4 13. Rb3 Qa5 14. 0-0 0-0 15. Bf6 Nxf6 16. exf6 Rd8 17. Rxb4 Qxb4 18. Qg5 g6 19. Rf4 Rxd4 20. Qh6 Rd1+ 21. Nxd1 Qf8 22. Qh4 Nd7 23. Nf2 b5 24. Bxe6 fxe6 25. Ne4 Kh8 26. Ng5 h5 27. f7 Qc5+ 28. Rf2 Nf8 29. Qf4 Qc3 30. Ne4 Qa1+ 31. Rf1 Qd4+ 32. Rf2 Qd1+ 33. Rf1 Qd4+ 34. Rf2 Qd1+ 35. Rf1 Qd4+ 1/2-1/2

[Event "LSS SM-2009-0-00076"]
[Site "LSS email"]
[Date "2009.10.10"]
[Round "?"]
[White "Van der Ploeg, Geert Roelof"]
[Black "Kopasov, Evgeny Aleksandrovi"]
[Result "1/2-1/2"]
[WhiteElo "2275"]
[BlackElo "2254"]
[PlyCount "65"]
[EventDate "2009.09.12"]
[EventType "tourn (corr)"]
[EventRounds "6"]
[EventCountry "GER"]
[SourceTitle "Corr 2013"]
[Source "ChessBase"]
[SourceDate "2012.11.12"]
[SourceVersion "1"]
[SourceVersionDate "2012.11.12"]
[SourceQuality "1"]
[WhiteTeam "US of America"]
[BlackTeam "US of America"]
[WhiteTeamCountry "USA"]
[BlackTeamCountry "USA"]

1. e4 c5 2. Nf3 Nc6 3. d4 cxd4 4. Nxd4 Nf6 5. Nc3 e5 6. Ndb5 d6 7. Bg5 a6 8. Na3 b5 9. Nd5 Be7 10. Bxf6 Bxf6 11. c3 0-0 12. Nc2 Bg5 13. a4 bxa4 14. Rxa4 a5 15. Bc4 Rb8 16. b3 Kh8 17. Nce3 g6 18. h4 Bxh4 19. g3 Bg5 20. f4 exf4 21. gxf4 Bh4+ 22. Kd2 Ne7 23. Qg1 Nxd5 24. Nxd5 Be6 25. Qh2 g5 26. Kc2 f6 27. Rha1 f5 28. Qd2 Bxd5 29. Bxd5 fxe4 30. Rxe4 Rf5 31. Qd4+ Qf6 32. Qxf6+ Rxf6 33. Rxa5 1/2-1/2

[Event "LSS SM-2009-0-00076"]
[Site "LSS email"]
[Date "2009.10.09"]
[Round "?"]
[White "Van der Ploeg, Geert Roelof"]
[Black "Sidenko, Anatoly Viktorovich"]
[Result "1/2-1/2"]
[WhiteElo "2272"]
[BlackElo "2279"]
[PlyCount "54"]
[EventDate "2009.09.12"]
[EventType "tourn (corr)"]
[EventRounds "6"]
[EventCountry "GER"]
[SourceTitle "Telechess CBM 141"]
[Source "ChessBase"]
[SourceDate "2011.03.17"]
[SourceVersion "1"]
[SourceVersionDate "2011.03.17"]
[SourceQuality "1"]

1. e4 e6 2. d4 d5 3. Nc3 Nf6 4. Bg5 dxe4 5. Nxe4 Be7 6. Bxf6 gxf6 7. Nf3 a6 8. g3 b5 9. Bg2 Bb7 10. Qe2 Nd7 11. 0-0 0-0 12. Rfd1 Qc8 13. a4 Rd8 14. c3 f5 15. Neg5 Bd5 16. axb5 axb5 17. Qxb5 c5 18. h4 h6 19. Nh3 Rb8 20. Qe2 cxd4 21. Nxd4 Bxg2 22. Kxg2 Nf6 23. Nf4 Qb7+ 24. Kg1 Qxb2 25. Nxf5 exf5 26. Qxe7 Rxd1+ 27. Rxd1 Qxc3 1/2-1/2

[Event "LSS SM-2009-0-00062"]
[Site "LSS email"]
[Date "2009.07.01"]
[Round "?"]
[White "Narkun, Michal"]
[Black "Van der Ploeg, Geert Roelof"]
[Result "1/2-1/2"]
[WhiteElo "2173"]
[BlackElo "1991"]
[PlyCount "53"]
[EventDate "2009.05.16"]
[EventType "tourn (corr)"]
[EventRounds "6"]
[EventCountry "GER"]
[SourceTitle "Telechess CBM 137"]
[Source "ChessBase"]
[SourceDate "2010.07.15"]
[SourceVersion "1"]
[SourceVersionDate "2010.07.15"]
[SourceQuality "1"]

1. Nf3 Nf6 2. c4 c6 3. g3 d5 4. b3 Bf5 5. Bg2 e6 6. 0-0 Nbd7 7. Bb2 h6 8. d3 Be7 9. Nbd2 0-0 10. a3 a5 11. Qc2 Bh7 12. Bc3 Qb6 13. Qb2 c5 14. d4 Rac8 15. Rfc1 Rfe8 16. cxd5 exd5 17. dxc5 Nxc5 18. Bh3 Ne6 19. e3 Rc7 20. Be5 Rc5 21. Rxc5 Nxc5 22. Bd4 Qd6 23. Qc3 Ra8 24. Nh4 Nfe4 25. Nxe4 Nxe4 26. Qb2 Ng5 27. Bg2 1/2-1/2

[Event "LSS SM-2009-0-00062"]
[Site "LSS email"]
[Date "2009.07.01"]
[Round "?"]
[White "Van der Ploeg, Geert Roelof"]
[Black "Canizares Cuadra, Pedro"]
[Result "1-0"]
[WhiteElo "2267"]
[BlackElo "2243"]
[PlyCount "115"]
[EventDate "2009.05.16"]
[EventType "tourn (corr)"]
[EventRounds "6"]
[EventCountry "GER"]
[SourceTitle "Telechess CBM 147"]
[Source "ChessBase"]
[SourceDate "2012.03.16"]
[SourceVersion "1"]
[SourceVersionDate "2012.03.16"]
[SourceQuality "1"]

1. e4 c6 2. d4 d5 3. e5 c5 4. Nf3 Bg4 5. c4 Nc6 6. cxd5 Bxf3 7. Qxf3 Nxd4 8. Qd1 Qxd5 9. Bb5+ Kd8 10. 0-0 Qxe5 11. Re1 Qd6 12. Na3 a6 13. Bf1 Ke8 14. Nc4 Qd8 15. Bd2 b5 16. Ba5 Qb8 17. Ne5 e6 18. Bc3 Bd6 19. Bxd4 cxd4 20. Qxd4 Ne7 21. Rac1 Bxe5 22. Rxe5 Kf8 23. Rec5 Qd8 24. Qe4 h5 25. h3 g6 26. Be2 Kg8 27. Qe5 Qb8 28. Rc7 Ra7 29. Qf4 Rxc7 30. Rxc7 Qf8 31. Qf3 Nd5 32. Ra7 h4 33. Rxa6 Qb8 34. Ra5 b4 35. Qe4 Qf4 36. Qxf4 Nxf4 37. Ra8+ Kg7 38. Rxh8 Kxh8 39. Bb5 Kg7 40. a4 bxa3 41. bxa3 Kf6 42. a4 Ke7 43. a5 Kd6 44. Kh2 g5 45. g3 Nd5 46. Kg2 Kc7 47. f4 Ne3+ 48. Kf3 Nc2 49. Bc4 Nd4+ 50. Kf2 f6 51. fxg5 fxg5 52. g4 Nc6 53. a6 Ne5 54. Bf1 Kb6 55. Ke3 Ng6 56. Kd4 Kc6 57. a7 Kb7 58. Kc5 1-0

[Event "LSS SM-2008-0-00030"]
[Site "LSS email"]
[Date "2008.09.12"]
[Round "?"]
[White "Bancevich, Sergey Stanislavov"]
[Black "Van der Ploeg, Geert Roelof"]
[Result "1/2-1/2"]
[WhiteElo "2214"]
[BlackElo "2287"]
[PlyCount "104"]
[EventDate "2008.09.10"]
[EventType "tourn (corr)"]
[EventRounds "6"]
[EventCountry "GER"]
[SourceTitle "Corr 2011"]
[Source "ChessBase"]
[SourceDate "2010.08.31"]
[SourceVersion "1"]
[SourceVersionDate "2010.08.31"]
[SourceQuality "1"]

1. d4 Nf6 2. c4 c5 3. d5 b5 4. cxb5 a6 5. e3 axb5 6. Bxb5 Bb7 7. Nc3 Qa5 8. Nge2 Nxd5 9. 0-0 Nc7 10. Bc4 Nc6 11. Bd2 Qb6 12. Nf4 e6 13. Qb3 Qxb3 14. axb3 Rxa1 15. Rxa1 Be7 16. e4 d6 17. Nd3 0-0 18. Bf4 Ra8 19. Ra3 Na6 20. Nb5 Rd8 21. f3 Nab8 22. Nc7 Nd7 23. Kf2 h6 24. Bd2 Nb6 25. Ba6 Rb8 26. Ra2 Nd7 27. Bc4 Kf8 28. Bc3 g5 29. Ra3 Nb6 30. Ba6 d5 31. exd5 exd5 32. Ra1 d4 33. Bd2 Bd6 34. Bxb7 Rxb7 35. Nb5 Ke7 36. Re1+ Kd7 37. Rc1 Ne5 38. Nxe5+ Bxe5 39. Rxc5 Ke6 40. Na3 Nd7 41. Rb5 Rxb5 42. Nxb5 Nc5 43. b4 Nb3 44. Be1 Bxh2 45. g3 d3 46. Nc3 d2 47. Bxd2 Nxd2 48. Kg2 Kd6 49. f4 Bxg3 50. Kxg3 f5 51. Ne2 Kd5 52. b5 Nc4 1/2-1/2

[Event "LSS SM-2008-0-00030"]
[Site "LSS email"]
[Date "2008.09.12"]
[Round "?"]
[White "Roberts, Anthony"]
[Black "Van der Ploeg, Geert Roelof"]
[Result "1/2-1/2"]
[WhiteElo "2245"]
[BlackElo "2287"]
[PlyCount "100"]
[EventDate "2008.09.10"]
[EventType "tourn (corr)"]
[EventRounds "6"]
[EventCountry "GER"]
[SourceTitle "Corr 2011"]
[Source "ChessBase"]
[SourceDate "2010.08.31"]
[SourceVersion "1"]
[SourceVersionDate "2010.08.31"]
[SourceQuality "1"]

1. e4 c6 2. d4 d5 3. Nc3 dxe4 4. Nxe4 Bf5 5. Ng3 Bg6 6. h4 h6 7. Nf3 Nd7 8. h5 Bh7 9. Bd3 Bxd3 10. Qxd3 Qc7 11. Rh4 e6 12. Bf4 Qa5+ 13. Bd2 Qc7 14. 0-0-0 Ngf6 15. Kb1 0-0-0 16. c4 c5 17. Bf4 Bd6 18. Bxd6 Qxd6 19. Ne4 Qc7 20. Nc3 Rhf8 21. Nb5 Qb6 22. Qe3 a6 23. dxc5 Nxc5 24. Nbd4 Kb8 25. a3 Ka8 26. Ka2 Ncd7 27. b4 Qc7 28. Kb3 e5 29. Nf5 e4 30. N3d4 Ne5 31. Qe2 Rd7 32. f3 Rfd8 33. fxe4 Nxh5 34. Rxh5 g6 35. c5 gxh5 36. Qxh5 b6 37. Qxh6 Kb7 38. Qxb6+ Qxb6 39. cxb6 Kxb6 40. a4 a5 41. bxa5+ Ka6 42. Ka3 Nc4+ 43. Kb4 Nxa5 44. Rf1 Rc8 45. e5 Rd5 46. g4 Rc4+ 47. Ka3 Rcc5 48. Kb4 Rc4+ 49. Ka3 Rcc5 50. Kb4 Rc4+ 1/2-1/2

[Event "LSS SM-2008-0-00030"]
[Site "LSS email"]
[Date "2008.09.12"]
[Round "?"]
[White "Van der Ploeg, Geert Roelof"]
[Black "Carbonell Bofill, Carlos Eloy"]
[Result "1/2-1/2"]
[WhiteElo "2287"]
[BlackElo "2312"]
[PlyCount "60"]
[EventDate "2008.09.10"]
[EventType "tourn (corr)"]
[EventRounds "6"]
[EventCountry "GER"]
[SourceTitle "Corr 2011"]
[Source "ChessBase"]
[SourceDate "2010.08.31"]
[SourceVersion "1"]
[SourceVersionDate "2010.08.31"]
[SourceQuality "1"]

1. e4 e6 2. d4 d5 3. Nc3 Nf6 4. Bg5 dxe4 5. Nxe4 Be7 6. Bxf6 gxf6 7. Nf3 a6 8. g3 Nc6 9. c3 Qd5 10. Ned2 Bd7 11. a4 Qh5 12. Bg2 0-0 13. 0-0 Na7 14. Nc4 Nc8 15. Nfd2 Qxd1 16. Rfxd1 Rb8 17. Nb3 b6 18. a5 Nd6 19. Ncd2 Bb5 20. d5 e5 21. axb6 cxb6 22. Ne4 a5 23. Nxd6 Bxd6 24. Nd2 Rfd8 25. Bf1 Bd7 26. Ne4 Be7 27. d6 Bf8 28. Nxf6+ Kg7 29. Nxd7 Rxd7 30. Rd5 f6 1/2-1/2